Science in history

This first volume begins with the discussion of the particular nature and methodology of science. It then continues with a description of the emergence of science in the Stone Age, and traces its development through the full formulations of the Greeks to its development under Christendom and Islam i...

Πλήρης περιγραφή

Αποθηκεύτηκε σε:
Λεπτομέρειες βιβλιογραφικής εγγραφής
Κύριος συγγραφέας: Bernal, J. D
Μορφή: Βιβλίο
Γλώσσα:Undetermined
Έκδοση: Cambridge, Mass. M.I.T. Press 1954
Θέματα:
Ετικέτες: Προσθήκη ετικέτας
Δεν υπάρχουν, Καταχωρήστε ετικέτα πρώτοι!
Thư viện lưu trữ: Trung tâm Học liệu Trường Đại học Cần Thơ
LEADER 00894nam a2200205Ia 4500
001 CTU_218298
008 210402s9999 xx 000 0 und d
082 |a 909 
082 |b B517/Vol.1 
100 |a Bernal, J. D 
245 0 |a Science in history 
245 0 |c J.D. Bernal 
260 |a Cambridge, Mass. 
260 |b M.I.T. Press 
260 |c 1954 
520 |a This first volume begins with the discussion of the particular nature and methodology of science. It then continues with a description of the emergence of science in the Stone Age, and traces its development through the full formulations of the Greeks to its development under Christendom and Islam in the Middle Ages. 
650 |a Civilization,Science and civilization,Văn minh,Văn minh và khoa học 
650 |x History,Lịch sử 
904 |i Qhieu 
980 |a Trung tâm Học liệu Trường Đại học Cần Thơ